| 000 | 00353nam a2200121Ia 4500 | ||
|---|---|---|---|
| 008 | 211119s9999||||xx |||||||||||||| ||und|| | ||
| 082 |
_a894.8123 _bMUK-D |
||
| 100 | _aMukundan, M | ||
| 245 | 0 | _aDelhi Gadhakal | |
| 260 |
_bD c Books _a2011 _cKottayam |
||
| 650 |
_aLiterature _vAltaic,Uralic,Hyperborean &DravidianMalayalam _xGeneral stack |
||
| 942 | _cBOOK | ||
| 999 |
_c114635 _d114635 |
||